00898nam a2200229 i 450000100060000000300090000600500170001500700030003200800410003524501630007626000320023930000220027149000200029365000390031370000440035270000460039670000270044283000280046985200320049799900170052995201220054646331ES-MaACL20250804225428.0t|030328s1971 sp ||||1| spa d00aComunidades de base / cGonzález Ruiz ... [y otros] ; edición preparada por Casiano Floristán ; [traducción de los textos franceses por Daniel Vidal]. aMadrid : bMarova, c[1971] a229 p. ; c21 cm.1 aChristus Pastor 7aComunidades de base2embne91660861 aGonzález Ruiz, José María.9589431 aFloristán, Casiano (d1926-2006)9513401 aVidal, Daniel.91144170 aChristus Pastor9182711 aES-MaACLjC-46408 bR.77215 c46331d46331 00104070aATENEOMbATENEOMcDEPO2d2008-01-17eSCl0oC-46408p1048729r2023-02-23 00:00:00w2023-02-23yMONOGRAFIA